000
00327nam a2200145Ia 4500
008
230718s9999 xx 000 0 und d
041
_a
Eng.
082
_a
346.002
_b
BAS-T
100
_a
Bashir, Majid
245
4
_a
The Minor Act
260
_a
Pakistan
_b
Irfan law book
_c
2008
300
_a
1819
650
_a
Law
999
_c
27804
_d
27804